Localidad Ciudad Bolívar (Registro nro. 31523)

Detalles MARC
000 -ENCABEZADO
Número de control [NR] 00981nam a2200241Ia 4500
008 - DE LONGITUD FIJA DE DATOS DE ELEMENTOS - INFORMACIÓN GENERAL
Elementos de longitud fija [NR] 130821s1998 ck gr spa
020 ## - NUMERO INTERNACIONAL NORMALIZADO PARA LIBROS [R]
Número Internacional Normalizado del libro [NR] 9588069238
040 ## - FUENTE DE CATALOGACION [NR]
Agencia de catalogación original [NR] Co-BoUCM
Idioma de catalogación [NR] spa
041 00 - CODIGO DE IDIOMA [R]
Código de idioma para texto/pista de sonido o título separado [R] Español
110 ## - ASIENTO PRINCIPAL--NOMBRE CORPORATIVO [NR]
Nombre corporativo o de jurisdicción como elemento de entrada [NR] Bogotá . Secretaría Distrital de Salud
ID de autoridad 3325
245 00 - MENCION DE TITULO [NR]
Título [NR] Localidad Ciudad Bolívar
Mención de responsabilidad, etc. [NR] Secretaría Distrital de Salud
260 ## - PUBLICACION, DISTRIBUCION, ETC. (PIE DE IMPRENTA) [R]
Lugar de publicación, distribución, etc. [R] Bogotá (Colombia)
Nombre del editor, distribuidor, etc. [R] La Secretaría
Fecha de publicación, distribución, etc. [R] 1998
300 ## - DESCRIPCION FISICA [R]
Extensión [R] 191 páginas
490 ## - MENCION DE SERIE [R]
Mención de serie [R] Diagnósticos locales con participación social - Metodología; 19
504 ## - NOTA DE BIBLIOGRAFIA, ETC. [R]
Nota de bibliografía, etc. [NR]
650 04 - ASIENTO SECUNDARIO DE MATERIA - TERMINO TEMATICO [R]
Término temático o nombre geográfico como elemento de entrada [NR] Participación comunitaria
Subdivisión geográfica [R] Localidad Ciudad Bolívar (Bogotá, Colombia)
9 (RLIN) 21114
650 04 - ASIENTO SECUNDARIO DE MATERIA - TERMINO TEMATICO [R]
Término temático o nombre geográfico como elemento de entrada [NR] Salud pública
9 (RLIN) 8073
650 04 - ASIENTO SECUNDARIO DE MATERIA - TERMINO TEMATICO [R]
Término temático o nombre geográfico como elemento de entrada [NR] Salud pública
Subdivisión geográfica [R] Localidad Ciudad Bolívar (Bogotá, Colombia)
9 (RLIN) 8073
650 04 - ASIENTO SECUNDARIO DE MATERIA - TERMINO TEMATICO [R]
Término temático o nombre geográfico como elemento de entrada [NR] Sociología urbana
Subdivisión geográfica [R] Localidad Ciudad Bolívar (Bogotá, Colombia)
9 (RLIN) 24816
710 ## - ASIENTO SECUNDARIO - NOMBRE CORPORATIVO [R]
Nombre corporativo o de jurisdicción como elemento de entrada [NR] Bogotá . Alcaldía Mayor
9 (RLIN) 55436
942 ## - ELEMENTOS DE ENTRADA AGREGADOS (KOHA)
Tipo de ítem principal el descrito en 300a Libro
Tema principal Ciencias de la salud
Edición 1
Parte restante de la signatura top. B674CI
Sistema de clasificación DEWEY
Clasificación 362.1
Existencias
Fecha de último préstamo Total préstamos Signatura topográfica Código de barras Última vez visto Ejemplar Price effective from Tipo de ítem Perdido Sistema de clasificación Dañado No prestable Tipo de ítem específico Suprimido Ubicación habitual Ubicación actual Localización Fecha de creación Forma de adquisición Costo
18/09/2025 16 362.1 B674CI 100055005 09/12/2025 Ej.1 03/02/2013 Libro   DEWEY     Libro   Claustro Claustro 2do piso 28/02/2003 Donación 5000.00